Математическое моделирование процесса обучения; Прогрессивные технологии и экономика в машиностроении

Dettagli Bibliografici
Parent link:Прогрессивные технологии и экономика в машиностроении.— 2009.— С. 136-137
Autore principale: Плечёва Е. А.
Altri autori: Маслов А. В. (научный руководитель)
Lingua:russo
Pubblicazione: 2009
Soggetti:
Natura: MixedMaterials Capitolo di libro
KOHA link:https://koha.lib.tpu.ru/cgi-bin/koha/opac-detail.pl?biblionumber=174717

MARC

LEADER 00000naa2a2200000 4500
001 174717
005 20231031164909.0
035 |a (RuTPU)RU\TPU\book\189464 
090 |a 174717 
100 |a 20100203d2009 k y0rusy50 ca 
101 0 |a rus 
102 |a RU 
200 1 |a Математическое моделирование процесса обучения  |f Е. А. Плечёва  |g науч. рук. А. В. Маслов 
320 |a Библиогр.: 2 назв. 
463 0 |0 (RuTPU)RU\TPU\book\182778  |t Прогрессивные технологии и экономика в машиностроении  |o труды XIII региональной научно-практической конференции студентов и учащейся молодежи , 9-10 апреля 2009 г., Юрга  |f Томский политехнический университет (ТПУ), Юргинский технологический институт (ЮТИ) ; Прогрессивные технологии и экономика в машиностроении ; отв. за вып. Д. А. Чинахов  |v С. 136-137  |d 2009  |p 357 с. 
610 1 |a обечение 
610 1 |a математические модели 
610 1 |a компьютерные технологии 
610 1 |a дифференциальные уравнения 
610 1 |a труды учёных ТПУ 
700 1 |a Плечёва  |b Е. А. 
702 1 |a Маслов  |b А. В.  |4 727 
801 1 |a RU  |b 63413507  |c 20100203 
801 2 |a RU  |b 63413507  |c 20100203  |g RCR 
942 |c BK